01238nam a2200277 a 450000100060000000300080000600500170001400800410003102000150007203500190008703500120010604000220011804100080014008200240014824502450017224600570041724600820047426000540055630000280061050001040063860000600074265000280080265100440083065100440087470000420091841953BD-RjUL20211209053456.0160608s1989 ru a 000 0 eng d z0800000000 a(BD-RjUL)42071 a1456505 aANLbengcBD-RjUL aeng04a327.47051bVIS 198900aVisit of Mikhail Gorbachev, General Secretary of the CPSU Central Committee, Chairman of the Presidium of the USSR Supreme Soviet, to the People's Republic of China, May 15-18, 1989 :bdocuments and materials /cMikhail Sergeevich Gorbachev14aVisit of Mikhail Gorbachev to China, May 15-18, 198911aVizit M. S. Gorvacheva v Kitai, 15-18 maia 1989 goda :bdokumenty i materialy aMoscow :bNovosti Press Agency Pub. House,c1989. a63 p. :bill. ;c20 cm. aTitle on verso t. p. : Vizit M. S. Gorvacheva v Kitai, 15-18 maia 1989 goda : dokumenty i materialy10aGorbachev, Mikhail Sergeevich,d1931-xJourneyszChina. 0aVisits of statezChina. 0aSoviet UnionxForeign relationszChina. 0aChinaxForeign relationszSoviet Union.1 aGorbachev, Mikhail Sergeevich,d1931-